[Event "Turkish Club Cup 2019"]
[Site "Konya"]
[Date "2019.07.18"]
[Round "5"]
[White "Cankurtaran, Merve"]
[Black "Cingoz, Isil"]
[Result "1-0"]
[WhiteElo "1335"]
[BlackElo "1123"]
[Annotator "NA"]
[PlyCount "71"]
[EventDate "2019.07.16"]
[EventType "team-tourn"]
[EventCountry "TUR"]
[SourceTitle "playchess.com"]
[Source "ChessBase"]
[SourceQuality "1"]
[TimeControl "5400+30"]

1. d4 {[%emt 0:00:30]} e6 {[%emt 0:00:30]} 2. Nf3 {[%emt 0:00:00]} d5 {[%emt 0:00:30]} 3. c3 {[%emt 0:00:00]} Nf6 {[%emt 0:00:30]} 4. Bg5 {[%emt 0:01:30]} c5 {[%emt 0:02:30]} 5. e3 {[%emt 0:00:30]} h6 {[%emt 0:02:30]} 6. Bh4 {[%emt 0:00:30]} a6 {[%emt 0:01:30]} 7. Bd3 {[%emt 0:01:30]} c4 {[%emt 0:02:30]} 8. Bc2 {[%emt 0:00:30]} Be7 {[%emt 0:02:30]} 9. Nbd2 {[%emt 0:00:30]} Nbd7 {[%emt 0:01:30]} 10. O-O {[%emt 0:07:30]} b5 {[%emt 0:01:30]} 11. Ne5 {[%emt 0:06:30]} Nxe5 {[%emt 0:01:30]} 12. dxe5 {[%emt 0:00:30]} Nd7 {[%emt 0:00:00]} 13. Bxe7 {[%emt 0:00:30]} Qxe7 {[%emt 0:00:00]} 14. Qg4 {[%emt 0:04:30]} Qg5 {[%emt 0:01:30]} 15. Qxg5 {[%emt 0:01:30]} hxg5 {[%emt 0:00:30]} 16. f4 {[%emt 0:00:30]} g4 {[%emt 0:00:30]} 17. e4 {[%emt 0:02:30]} Bb7 {[%emt 0:07:30]} 18. exd5 {[%emt 0:02:30]} exd5 {[%emt 0:01:30]} 19. Bf5 {[%emt 0:01:30]} Nc5 {[%emt 0:02:30]} 20. Bxg4 {[%emt 0:01:30]} Rh4 {[%emt 0:04:30]} 21. Bf5 {[%emt 0:03:30]} g6 {[%emt 0:01:30]} 22. Bc2 {[%emt 0:02:30]} O-O-O {[%emt 0:00:00]} 23. f5 {[%emt 0:15:30]} gxf5 {[%emt 0:09:00]} 24. Bxf5+ {[%emt 0:02:30]} Kb8 {[%emt 0:01:30]} 25. Nf3 {[%emt 0:01:30]} Rh6 {[%emt 0:02:30]} 26. Nd4 {[%emt 0:02:30]} Rdh8 {[%emt 0:00:30]} 27. h3 {[%emt 0:05:30]} Rg8 {[%emt 0:04:30]} 28. Rae1 {[%emt 0:06:30]} Ne6 {[%emt 0:19:30]} 29. Re3 {[%emt 0:04:30]} Nd8 {[%emt 0:11:33]} 30. Ree1 {[%emt 0:07:34]} Ne6 {[%emt 0:00:30]} 31. Re3 {[%emt 0:00:30]} Nd8 {[%emt 0:00:30]} 32. Rf4 {[%emt 0:00:04]} Nc6 {[%emt 0:05:06]} 33. Bd7 {[%emt 0:01:57]} Rh7 {[%emt 0:09:42]} 34. Bxc6 {[%emt 0:01:06]} Bc8 {[%emt 0:03:22]} 35. Kh2 {[%emt 0:00:49]} Rhg7 {[%emt 0:00:00]} 36. Bxd5 {[%emt 0:00:15]} 1-0

[Event "Turkish Club Cup 2019"]
[Site "Konya"]
[Date "2019.07.18"]
[Round "5"]
[White "Haktanirlar, Zeren"]
[Black "Olmez, Sude"]
[Result "1/2-1/2"]
[WhiteElo "1294"]
[BlackElo "1180"]
[Annotator "NA RC"]
[PlyCount "110"]
[EventDate "2019.07.16"]
[EventType "team-tourn"]
[EventCountry "TUR"]
[SourceTitle "playchess.com"]
[Source "ChessBase"]
[SourceQuality "1"]
[TimeControl "5400+30"]

1. d4 {[%emt 0:00:30]} e6 {[%emt 0:00:30]} 2. c4 {[%emt 0:00:30]} d5 {[%emt 0:00:00]} 3. Nc3 {[%emt 0:00:00]} Nf6 {[%emt 0:00:00]} 4. Nf3 {[%emt 0:00:00]} Be7 {[%emt 0:02:30]} 5. Bf4 {[%emt 0:00:30]} Nbd7 {[%emt 0:02:30]} 6. e3 {[%emt 0:01:30]} a6 {[%emt 0:03:30]} 7. h3 {[%emt 0:02:30]} O-O {[%emt 0:00:30]} 8. c5 {[%emt 0:01:30]} Re8 {[%emt 0:05:30]} 9. Bd3 {[%emt 0:02:30]} Nf8 {[%emt 0:01:30]} 10. b4 {[%emt 0:01:30]} Bd7 {[%emt 0:03:30]} 11. O-O {[%emt 0:05:30]} Ng6 {[%emt 0:08:30]} 12. Bh2 {[%emt 0:00:30]} h6 {[%emt 0:03:30]} 13. Qc2 {[%emt 0:01:30]} Nf8 {[%emt 0:00:30]} 14. Ne5 {[%emt 0:01:30]} N6h7 {[%emt 0:02:30]} 15. a4 {[%emt 0:03:30]} f6 {[%emt 0:02:30]} 16. Ng6 {[%emt 0:02:30]} Ng5 {[%emt 0:04:30]} 17. f4 {[%emt 0:07:30]} Nf7 {[%emt 0:02:30]} 18. b5 {[%emt 0:11:30]} Nxg6 {[%emt 0:05:30]} 19. Bxg6 {[%emt 0:00:30]} f5 {[%emt 0:00:30]} 20. Bh5 {[%emt 0:04:30]} Rf8 {[%emt 0:02:30]} 21. Be2 {[%emt 0:05:30]} Qe8 {[%emt 0:04:30]} 22. bxa6 {[%emt 0:07:30]} bxa6 {[%emt 0:01:30]} 23. a5 {[%emt 0:01:30]} Bc6 {[%emt 0:00:30]} 24. Rab1 {[%emt 0:01:30]} Qd7 {[%emt 0:06:30]} 25. Bd3 {[%emt 0:01:30]} Nd8 {[%emt 0:04:30]} 26. Qe2 {[%emt 0:02:30]} Bb7 {[%emt 0:01:30]} 27. Rfc1 {[%emt 0:00:30]} Ra7 {[%emt 0:01:30]} 28. Rb2 {[%emt 0:05:30]} Nc6 {[%emt 0:04:30]} 29. Ra1 {[%emt 0:01:30]} Rb8 {[%emt 0:01:30]} 30. Qh5 {[%emt 0:03:30]} Kh7 {[%emt 0:02:30]} 31. Qf3 {[%emt 0:00:30]} g6 {[%emt 0:00:30]} 32. g4 {[%emt 0:02:30]} Rg8 {[%emt 0:02:30]} 33. Kf1 {[%emt 0:02:30]} Bd8 {[%emt 0:04:12]} 34. Bg3 {[%emt 0:00:53]} Ba8 {[%emt 0:04:03]} 35. Qe2 {[%emt 0:01:37]} Bb7 {[%emt 0:00:48]} 36. Be1 {[%emt 0:01:47]} Bf6 {[%emt 0:03:19]} 37. Qf3 {[%emt 0:03:34]} Qe7 {[%emt 0:04:30]} 38. Qg3 {[%emt 0:01:07]} Ba8 {[%emt 0:00:49]} 39. Ne2 {[%emt 0:01:14]} Rb8 {[%emt 0:01:52]} 40. Rxb8 {[%emt 0:00:33]} Nxb8 {[%emt 0:00:12]} 41. Rb1 {[%emt 0:00:48]} Rb7 {[%emt 0:00:49]} 42. Rxb7 {[%emt 0:02:48]} Bxb7 {[%emt 0:00:09]} 43. h4 {[%emt 0:00:28]} Qg7 {[%emt 0:02:20]} 44. g5 {[%emt 0:00:54]} Bd8 {[%emt 0:01:38]} 45. Ng1 {[%emt 0:01:01]} h5 {[%emt 0:01:09]} 46. Nf3 {[%emt 0:00:25]} c6 {[%emt 0:00:21]} 47. Qf2 {[%emt 0:02:35]} Qc7 {[%emt 0:01:13]} 48. Qd2 {[%emt 0:00:11]} Bc8 {[%emt 0:00:24]} 49. Qb4 {[%emt 0:01:33]} Qb7 {[%emt 0:00:26]} 50. Qxb7+ {[%emt 0:00:48]} Bxb7 {[%emt 0:00:06]} 51. Ne5 {[%emt 0:00:00]} Bc7 {[%emt 0:00:17]} 52. Ke2 {[%emt 0:00:30]} Kg7 {[%emt 0:01:16]} 53. Kf3 {[%emt 0:00:41]} Bxe5 {[%emt 0:00:20]} 54. fxe5 {[%emt 0:00:16]} Nd7 {[%emt 0:00:15]} 55. Kf4 {[%emt 0:01:16]} Kf7 {[%emt 0:00:24]} 1/2-1/2

[Event "Turkish Club Cup 2019"]
[Site "Konya"]
[Date "2019.07.18"]
[Round "5"]
[White "Dogan, Eylem Su"]
[Black "Eraslan, Ecem"]
[Result "1-0"]
[WhiteElo "1285"]
[BlackElo "1397"]
[Annotator "NA RC"]
[PlyCount "105"]
[EventDate "2019.07.16"]
[EventType "team-tourn"]
[EventCountry "TUR"]
[SourceTitle "playchess.com"]
[Source "ChessBase"]
[SourceQuality "1"]
[TimeControl "5400+30"]

1. d4 {[%emt 0:00:30]} d5 {[%emt 0:00:00]} 2. c4 {[%emt 0:00:30]} c6 {[%emt 0:00:00]} 3. Nc3 {[%emt 0:00:00]} Nf6 {[%emt 0:00:00]} 4. Bg5 {[%emt 0:00:00]} e6 {[%emt 0:00:00]} 5. Nf3 {[%emt 0:00:30]} Be7 {[%emt 0:00:30]} 6. e3 {[%emt 0:01:30]} Nbd7 {[%emt 0:01:30]} 7. Be2 {[%emt 0:00:30]} O-O {[%emt 0:00:30]} 8. O-O {[%emt 0:00:30]} h6 {[%emt 0:00:30]} 9. Bh4 {[%emt 0:02:30]} dxc4 {[%emt 0:02:30]} 10. Bxc4 {[%emt 0:01:30]} b5 {[%emt 0:09:30]} 11. Bb3 {[%emt 0:01:30]} Bb7 {[%emt 0:03:30]} 12. a3 {[%emt 0:09:30]} a6 {[%emt 0:06:30]} 13. Bc2 {[%emt 0:08:30]} c5 {[%emt 0:04:30]} 14. dxc5 {[%emt 0:03:30]} Nxc5 {[%emt 0:06:30]} 15. b4 {[%emt 0:05:30]} Nce4 {[%emt 0:07:30]} 16. Qxd8 {[%emt 0:12:30]} Bxd8 {[%emt 0:00:30]} 17. Nxe4 {[%emt 0:05:30]} Nxe4 {[%emt 0:11:30]} 18. Bxe4 {[%emt 0:06:30]} Bxe4 {[%emt 0:00:30]} 19. Bxd8 {[%emt 0:00:30]} Rfxd8 {[%emt 0:03:30]} 20. Nd4 {[%emt 0:03:30]} Bd5 {[%emt 0:06:30]} 21. Rac1 {[%emt 0:02:30]} Bc4 {[%emt 0:09:30]} 22. Rfd1 {[%emt 0:03:30]} Rd6 {[%emt 0:02:30]} 23. Nf3 {[%emt 0:03:30]} Rxd1+ {[%emt 0:05:32]} 24. Rxd1 {[%emt 0:00:30]} a5 {[%emt 0:00:37]} 25. Ne5 {[%emt 0:03:30]} axb4 {[%emt 0:04:43]} 26. axb4 {[%emt 0:00:30]} Rc8 {[%emt 0:06:18]} 27. h3 {[%emt 0:03:30]} f6 {[%emt 0:03:04]} 28. Nd7 {[%emt 0:02:17]} Rc6 {[%emt 0:03:33]} 29. Nc5 {[%emt 0:00:34]} Kf7 {[%emt 0:00:41]} 30. f3 {[%emt 0:00:29]} Kg6 {[%emt 0:01:11]} 31. Kf2 {[%emt 0:00:11]} Rc7 {[%emt 0:00:03]} 32. f4 {[%emt 0:03:49]} Re7 {[%emt 0:00:47]} 33. g4 {[%emt 0:04:09]} e5 {[%emt 0:00:49]} 34. f5+ {[%emt 0:01:01]} Kf7 {[%emt 0:00:30]} 35. Ne4 {[%emt 0:00:35]} Kf8 {[%emt 0:00:29]} 36. Rd8+ {[%emt 0:02:48]} Re8 {[%emt 0:00:01]} 37. Rxe8+ {[%emt 0:00:12]} Kxe8 {[%emt 0:00:02]} 38. Nd6+ {[%emt 0:00:00]} Kd7 {[%emt 0:00:50]} 39. Nxc4 {[%emt 0:01:47]} bxc4 {[%emt 0:00:04]} 40. Ke2 {[%emt 0:00:00]} Kc6 {[%emt 0:01:04]} 41. Kd2 {[%emt 0:00:00]} Kd5 {[%emt 0:00:15]} 42. Kc3 {[%emt 0:00:30]} Ke4 {[%emt 0:00:10]} 43. Kxc4 {[%emt 0:00:53]} Kxe3 {[%emt 0:00:31]} 44. b5 {[%emt 0:00:30]} Kf2 {[%emt 0:00:12]} 45. b6 {[%emt 0:00:01]} e4 {[%emt 0:00:11]} 46. b7 {[%emt 0:00:30]} e3 {[%emt 0:00:02]} 47. b8=Q {[%emt 0:00:12]} e2 {[%emt 0:00:10]} 48. Qf4+ {[%emt 0:01:14]} Kg2 {[%emt 0:00:38]} 49. Qe4+ {[%emt 0:03:40]} Kf2 {[%emt 0:00:03]} 50. Qf4+ {[%emt 0:01:02]} Kg2 {[%emt 0:00:03]} 51. Qe3 {[%emt 0:00:41]} Kf1 {[%emt 0:00:16]} 52. Qf3+ {[%emt 0:00:12]} Ke1 {[%emt 0:00:02]} 53. Kd3 {[%emt 0:00:15]} 1-0

[Event "Turkish Club Cup 2019"]
[Site "Konya"]
[Date "2019.07.18"]
[Round "5"]
[White "Kucuk, Aybike"]
[Black "Gul, Zeynep"]
[Result "1/2-1/2"]
[WhiteElo "1266"]
[BlackElo "1359"]
[Annotator "NA"]
[PlyCount "73"]
[EventDate "2019.07.16"]
[EventType "team-tourn"]
[EventCountry "TUR"]
[SourceTitle "playchess.com"]
[Source "ChessBase"]
[SourceQuality "1"]
[TimeControl "5400+30"]

1. e4 {[%emt 0:00:30]} d5 {[%emt 0:00:30]} 2. exd5 {[%emt 0:00:00]} Qxd5 {[%emt 0:00:30]} 3. Nc3 {[%emt 0:00:00]} Qd8 {[%emt 0:00:00]} 4. d4 {[%emt 0:00:30]} Nf6 {[%emt 0:00:00]} 5. Nf3 {[%emt 0:00:30]} Bg4 {[%emt 0:00:00]} 6. Be2 {[%emt 0:00:00]} e6 {[%emt 0:00:00]} 7. O-O {[%emt 0:00:00]} Be7 {[%emt 0:00:30]} 8. Bf4 {[%emt 0:00:30]} O-O {[%emt 0:00:30]} 9. h3 {[%emt 0:03:30]} Bxf3 {[%emt 0:00:30]} 10. Bxf3 {[%emt 0:00:30]} c6 {[%emt 0:00:30]} 11. Re1 {[%emt 0:02:30]} Nbd7 {[%emt 0:01:30]} 12. Ne4 {[%emt 0:03:30]} Nxe4 {[%emt 0:01:30]} 13. Bxe4 {[%emt 0:00:00]} Nf6 {[%emt 0:00:30]} 14. Bd3 {[%emt 0:00:00]} Bd6 {[%emt 0:01:30]} 15. Bd2 {[%emt 0:00:30]} Qc7 {[%emt 0:03:30]} 16. Qf3 {[%emt 0:03:30]} Rfd8 {[%emt 0:05:30]} 17. c3 {[%emt 0:01:30]} Rd7 {[%emt 0:06:30]} 18. Bg5 {[%emt 0:03:30]} Be7 {[%emt 0:00:30]} 19. Re5 {[%emt 0:06:30]} Rd5 {[%emt 0:02:30]} 20. Rxd5 {[%emt 0:03:30]} Nxd5 {[%emt 0:01:30]} 21. Bd2 {[%emt 0:00:30]} Bd6 {[%emt 0:04:30]} 22. Re1 {[%emt 0:01:30]} Qe7 {[%emt 0:13:30]} 23. Qe4 {[%emt 0:07:30]} Nf6 {[%emt 0:01:30]} 24. Qh4 {[%emt 0:00:30]} Qd8 {[%emt 0:22:30]} 25. Bg5 {[%emt 0:02:30]} h6 {[%emt 0:00:30]} 26. Bd2 {[%emt 0:01:30]} Be7 {[%emt 0:02:30]} 27. Qg3 {[%emt 0:02:30]} Kf8 {[%emt 0:02:30]} 28. Qf3 {[%emt 0:07:30]} Qd5 {[%emt 0:04:30]} 29. Qxd5 {[%emt 0:01:30]} Nxd5 {[%emt 0:01:30]} 30. a3 {[%emt 0:02:30]} Rd8 {[%emt 0:03:30]} 31. Re4 {[%emt 0:04:30]} Bf6 {[%emt 0:01:05]} 32. Kf1 {[%emt 0:03:30]} Nb6 {[%emt 0:02:08]} 33. Ke2 {[%emt 0:04:30]} Na4 {[%emt 0:01:35]} 34. Bc1 {[%emt 0:01:30]} Nb6 {[%emt 0:00:17]} 35. Bd2 {[%emt 0:01:30]} Nd5 {[%emt 0:01:18]} 36. Kd1 {[%emt 0:00:30]} Nb6 {[%emt 0:01:17]} 37. Kc2 {[%emt 0:01:30]} 1/2-1/2

[Event "Turkish Club Cup 2019"]
[Site "Konya"]
[Date "2019.07.18"]
[Round "5"]
[White "Sarac, Ayca"]
[Black "Alev, Gonulden Seda"]
[Result "0-1"]
[WhiteElo "1142"]
[BlackElo "1579"]
[Annotator "NA"]
[PlyCount "70"]
[EventDate "2019.07.16"]
[EventType "team-tourn"]
[EventCountry "TUR"]
[SourceTitle "playchess.com"]
[Source "ChessBase"]
[SourceQuality "1"]
[TimeControl "5400+30"]

1. d4 {[%emt 0:00:30]} Nf6 {[%emt 0:00:30]} 2. c4 {[%emt 0:00:00]} e6 {[%emt 0:00:00]} 3. Nc3 {[%emt 0:00:00]} d5 {[%emt 0:01:00]} 4. cxd5 {[%emt 0:00:30]} exd5 {[%emt 0:02:30]} 5. Bg5 {[%emt 0:00:30]} c6 {[%emt 0:02:30]} 6. Qc2 {[%emt 0:00:30]} g6 {[%emt 0:14:30]} 7. e3 {[%emt 0:00:30]} h6 {[%emt 0:02:30]} 8. Bh4 {[%emt 0:04:30]} Bf5 {[%emt 0:09:30]} 9. Bd3 {[%emt 0:03:30]} Bxd3 {[%emt 0:01:30]} 10. Qxd3 {[%emt 0:00:30]} Nbd7 {[%emt 0:00:30]} 11. Nf3 {[%emt 0:04:30]} Bd6 {[%emt 0:03:30]} 12. Bg3 {[%emt 0:07:30]} Qc7 {[%emt 0:10:30]} 13. Bxd6 {[%emt 0:05:30]} Qxd6 {[%emt 0:04:30]} 14. h3 {[%emt 0:04:30]} O-O-O {[%emt 0:04:30]} 15. Rc1 {[%emt 0:06:30]} Kb8 {[%emt 0:00:30]} 16. O-O {[%emt 0:00:30]} Rde8 {[%emt 0:03:30]} 17. Qc2 {[%emt 0:09:30]} Ne4 {[%emt 0:05:30]} 18. a4 {[%emt 0:09:30]} g5 {[%emt 0:01:30]} 19. a5 {[%emt 0:02:30]} f5 {[%emt 0:06:30]} 20. Na4 {[%emt 0:04:30]} h5 {[%emt 0:09:23]} 21. Nc5 {[%emt 0:05:30]} Ndxc5 {[%emt 0:01:33]} 22. dxc5 {[%emt 0:00:30]} Qc7 {[%emt 0:00:49]} 23. Nd4 {[%emt 0:04:30]} Qd7 {[%emt 0:03:06]} 24. f3 {[%emt 0:01:30]} Ng3 {[%emt 0:01:53]} 25. Rfe1 {[%emt 0:00:30]} h4 {[%emt 0:00:32]} 26. Qa4 {[%emt 0:05:44]} a6 {[%emt 0:04:25]} 27. Rc2 {[%emt 0:01:45]} g4 {[%emt 0:01:17]} 28. fxg4 {[%emt 0:00:23]} fxg4 {[%emt 0:00:34]} 29. hxg4 {[%emt 0:00:39]} Re4 {[%emt 0:01:37]} 30. Rf2 {[%emt 0:02:30]} Rxg4 {[%emt 0:01:37]} 31. Qd1 {[%emt 0:02:33]} h3 {[%emt 0:00:43]} 32. Nf3 {[%emt 0:01:52]} hxg2 {[%emt 0:00:51]} 33. Rxg2 {[%emt 0:00:07]} Rh1+ {[%emt 0:01:21]} 34. Kf2 {[%emt 0:00:04]} Ne4+ {[%emt 0:00:00]} 35. Ke2 {[%emt 0:01:37]} Rxg2+ {[%emt 0:00:00]} 0-1

[Event "Turkish Club Cup 2019"]
[Site "Konya"]
[Date "2019.07.19"]
[Round "6"]
[White "Dogan, Ali Ekber"]
[Black "Mecit, Emre"]
[Result "1/2-1/2"]
[WhiteElo "2200"]
[BlackElo "2065"]
[Annotator "NA"]
[PlyCount "31"]
[EventDate "2019.07.16"]
[EventType "team-tourn"]
[EventCountry "TUR"]
[SourceTitle "playchess.com"]
[Source "ChessBase"]
[SourceQuality "1"]
[TimeControl "5400+30"]

1. d4 {[%emt 0:00:30]} Nf6 {[%emt 0:00:30]} 2. c4 {[%emt 0:00:30]} c5 {[%emt 0:00:30]} 3. d5 {[%emt 0:00:00]} b5 {[%emt 0:00:00]} 4. cxb5 {[%emt 0:00:00]} a6 {[%emt 0:00:00]} 5. bxa6 {[%emt 0:00:30]} g6 {[%emt 0:00:00]} 6. g3 {[%emt 0:00:00]} d6 {[%emt 0:00:00]} 7. Bg2 {[%emt 0:00:00]} Bg7 {[%emt 0:00:00]} 8. Nc3 {[%emt 0:01:30]} O-O {[%emt 0:00:00]} 9. Nf3 {[%emt 0:01:30]} Nfd7 {[%emt 0:05:30]} 10. O-O {[%emt 0:01:30]} Nb6 $14 {[%emt 0:03:30]} 11. Bd2 {[%emt 0:15:30]} Nc4 {[%emt 0:08:30]} 12. Be1 {[%emt 0:11:30]} Nxa6 {[%emt 0:06:30]} 13. Qb3 {[%emt 0:09:30]} Na5 {[%emt 0:02:30]} 14. Qd1 {[%emt 0:02:30]} Nc4 {[%emt 0:01:30]} 15. Qb3 {[%emt 0:01:30]} Na5 {[%emt 0:00:30]} 16. Qd1 {[%emt 0:03:30]} 1/2-1/2

[Event "Turkish Club Cup 2019"]
[Site "Konya"]
[Date "2019.07.19"]
[Round "6"]
[White "Gokcek, Kursat Bugra"]
[Black "Guven, Oguz Kagan"]
[Result "1/2-1/2"]
[WhiteElo "2150"]
[BlackElo "2142"]
[Annotator "NA"]
[PlyCount "62"]
[EventDate "2019.07.16"]
[EventType "team-tourn"]
[EventCountry "TUR"]
[SourceTitle "playchess.com"]
[Source "ChessBase"]
[SourceQuality "1"]
[TimeControl "5400+30"]

1. d4 {[%emt 0:00:30]} Nf6 {[%emt 0:00:30]} 2. Bf4 {[%emt 0:00:30]} d5 {[%emt 0:00:30]} 3. e3 {[%emt 0:00:00]} g6 {[%emt 0:00:00]} 4. Nd2 {[%emt 0:06:00]} Bg7 {[%emt 0:00:00]} 5. Ngf3 {[%emt 0:01:30]} O-O {[%emt 0:00:00]} 6. Be2 {[%emt 0:00:30]} c5 {[%emt 0:00:00]} 7. c3 {[%emt 0:00:30]} Nc6 {[%emt 0:00:00]} 8. Ne5 {[%emt 0:01:30]} Nd7 {[%emt 0:05:00]} 9. Nxc6 {[%emt 0:13:30]} bxc6 {[%emt 0:00:30]} 10. O-O {[%emt 0:03:30]} cxd4 {[%emt 0:04:30]} 11. exd4 {[%emt 0:01:30]} e5 {[%emt 0:05:30]} 12. dxe5 {[%emt 0:02:30]} Nxe5 {[%emt 0:00:30]} 13. Nf3 {[%emt 0:10:30]} Nxf3+ {[%emt 0:07:30]} 14. Bxf3 {[%emt 0:01:30]} Qb6 {[%emt 0:02:30]} 15. Qd2 {[%emt 0:01:30]} a5 {[%emt 0:08:30]} 16. Rfe1 {[%emt 0:14:30]} Be6 {[%emt 0:03:30]} 17. h4 {[%emt 0:08:30]} Rfd8 {[%emt 0:08:30]} 18. Be5 {[%emt 0:04:30]} d4 {[%emt 0:15:30]} 19. Bxg7 {[%emt 0:06:30]} Kxg7 {[%emt 0:00:30]} 20. h5 {[%emt 0:00:00]} Qc5 {[%emt 0:02:30]} 21. cxd4 {[%emt 0:09:49]} Rxd4 {[%emt 0:03:30]} 22. Qe3 {[%emt 0:00:15]} Rc4 {[%emt 0:00:30]} 23. Qxc5 {[%emt 0:00:50]} Rxc5 {[%emt 0:00:00]} 24. hxg6 {[%emt 0:00:01]} hxg6 {[%emt 0:00:00]} 25. Rec1 {[%emt 0:01:21]} Rxc1+ {[%emt 0:01:30]} 26. Rxc1 {[%emt 0:00:04]} Bxa2 {[%emt 0:00:30]} 27. Rxc6 {[%emt 0:04:18]} Rb8 {[%emt 0:00:30]} 28. Ra6 {[%emt 0:00:10]} Rb5 {[%emt 0:01:30]} 29. b4 {[%emt 0:00:36]} Rxb4 {[%emt 0:00:30]} 30. Rxa5 {[%emt 0:00:30]} Be6 {[%emt 0:00:00]} 31. Ra7 {[%emt 0:00:00]} Rd4 {[%emt 0:22:21]} 1/2-1/2

[Event "Turkish Club Cup 2019"]
[Site "Konya"]
[Date "2019.07.19"]
[Round "6"]
[White "Gulden, Egemen"]
[Black "Subasi, Cagrican"]
[Result "0-1"]
[WhiteElo "2135"]
[BlackElo "1871"]
[Annotator "NA"]
[PlyCount "110"]
[EventDate "2019.07.16"]
[EventType "team-tourn"]
[EventCountry "TUR"]
[SourceTitle "playchess.com"]
[Source "ChessBase"]
[SourceQuality "1"]
[TimeControl "5400+30"]

1. e4 {[%emt 0:00:30]} e6 {[%emt 0:00:30]} 2. d4 {[%emt 0:00:30]} d5 {[%emt 0:00:00]} 3. Nd2 {[%emt 0:00:30]} Nf6 {[%emt 0:00:00]} 4. e5 {[%emt 0:02:30]} Nfd7 {[%emt 0:00:00]} 5. Bd3 {[%emt 0:00:30]} c5 {[%emt 0:00:00]} 6. c3 {[%emt 0:00:00]} Nc6 {[%emt 0:00:30]} 7. Ne2 {[%emt 0:00:00]} cxd4 {[%emt 0:00:30]} 8. cxd4 {[%emt 0:00:00]} f6 {[%emt 0:00:00]} 9. exf6 {[%emt 0:02:00]} Nxf6 {[%emt 0:00:00]} 10. O-O {[%emt 0:03:30]} Bd6 {[%emt 0:00:00]} 11. f4 {[%emt 0:06:30]} Qb6 {[%emt 0:05:00]} 12. Nf3 {[%emt 0:16:30]} O-O {[%emt 0:00:00]} 13. Kh1 {[%emt 0:00:30]} Bd7 {[%emt 0:01:00]} 14. Ne5 {[%emt 0:14:30]} Bxe5 {[%emt 0:09:30]} 15. fxe5 {[%emt 0:25:30]} Ne4 {[%emt 0:03:30]} 16. Bf4 {[%emt 0:02:30]} Nb4 {[%emt 0:03:30]} 17. Bxe4 {[%emt 0:14:29]} dxe4 {[%emt 0:00:30]} 18. b3 {[%emt 0:00:00]} Bb5 {[%emt 0:00:30]} 19. a4 {[%emt 0:05:32]} Bd3 {[%emt 0:01:30]} 20. Qd2 {[%emt 0:01:02]} Nd5 {[%emt 0:00:30]} 21. Bg3 {[%emt 0:01:47]} Qxb3 {[%emt 0:11:30]} 22. Kg1 {[%emt 0:01:12]} Rxf1+ {[%emt 0:00:30]} 23. Rxf1 {[%emt 0:00:30]} Qxa4 {[%emt 0:00:30]} 24. Re1 {[%emt 0:00:08]} Rc8 {[%emt 0:05:30]} 25. Nc1 {[%emt 0:00:58]} Rc2 {[%emt 0:02:30]} 26. Qg5 {[%emt 0:00:38]} Qxd4+ {[%emt 0:00:30]} 27. Kh1 {[%emt 0:00:00]} Rc8 {[%emt 0:00:30]} 28. h4 {[%emt 0:00:21]} e3 {[%emt 0:01:30]} 29. h5 {[%emt 0:00:24]} h6 {[%emt 0:00:30]} 30. Nb3 {[%emt 0:01:11]} Qc4 {[%emt 0:00:30]} 31. Qh4 {[%emt 0:00:00]} Qxh4+ {[%emt 0:00:30]} 32. Bxh4 {[%emt 0:00:19]} Rc4 {[%emt 0:00:30]} 33. Bg3 {[%emt 0:00:30]} b6 {[%emt 0:00:30]} 34. Nc1 {[%emt 0:00:30]} Be4 {[%emt 0:00:30]} 35. Ne2 {[%emt 0:00:30]} Rc2 {[%emt 0:00:30]} 36. Kh2 {[%emt 0:00:30]} a5 {[%emt 0:00:30]} 37. Nd4 {[%emt 0:00:30]} Rxg2+ {[%emt 0:00:30]} 38. Kh3 {[%emt 0:00:30]} Rd2 {[%emt 0:00:30]} 39. Nb5 {[%emt 0:00:30]} Bf5+ {[%emt 0:00:30]} 40. Kh4 {[%emt 0:00:30]} Rb2 {[%emt 0:00:30]} 41. Nd6 {[%emt 0:00:30]} Rb4+ {[%emt 0:00:30]} 42. Bf4 {[%emt 0:00:30]} Nxf4 {[%emt 0:00:30]} 43. Kg3 {[%emt 0:00:30]} Nxh5+ {[%emt 0:00:30]} 44. Kf3 {[%emt 0:00:00]} a4 {[%emt 0:07:30]} 45. Rc1 {[%emt 0:00:00]} a3 {[%emt 0:00:30]} 46. Rc8+ {[%emt 0:00:53]} Kh7 {[%emt 0:00:30]} 47. Ra8 {[%emt 0:00:04]} Rb3 {[%emt 0:01:30]} 48. Nf7 {[%emt 0:01:59]} Kg6 {[%emt 0:00:30]} 49. Nh8+ {[%emt 0:00:05]} Kg5 {[%emt 0:00:30]} 50. Nf7+ {[%emt 0:00:03]} Kh4 {[%emt 0:01:30]} 51. Ra4+ {[%emt 0:00:30]} Kh3 {[%emt 0:00:00]} 52. Nd6 {[%emt 0:00:49]} b5 {[%emt 0:00:00]} 53. Rd4 {[%emt 0:01:09]} a2 {[%emt 0:00:30]} 54. Rd1 {[%emt 0:01:10]} e2+ {[%emt 0:00:30]} 55. Kxe2 {[%emt 0:00:00]} Bg4+ {[%emt 0:00:30]} 0-1

[Event "Turkish Club Cup 2019"]
[Site "Konya"]
[Date "2019.07.19"]
[Round "6"]
[White "Kucuk, Dogan"]
[Black "Karahan, Anil"]
[Result "1-0"]
[WhiteElo "2028"]
[BlackElo "1889"]
[Annotator "NA"]
[PlyCount "77"]
[EventDate "2019.07.16"]
[EventType "team-tourn"]
[EventCountry "TUR"]
[SourceTitle "playchess.com"]
[Source "ChessBase"]
[SourceQuality "1"]
[TimeControl "5400+30"]

1. e4 {[%emt 0:00:30]} e6 {[%emt 0:00:30]} 2. d3 {[%emt 0:00:30]} d5 {[%emt 0:00:30]} 3. Nd2 {[%emt 0:00:00]} Nc6 {[%emt 0:06:30]} 4. Ngf3 {[%emt 0:01:00]} e5 {[%emt 0:00:30]} 5. Be2 {[%emt 0:02:30]} Nf6 {[%emt 0:00:30]} 6. O-O {[%emt 0:00:00]} Bc5 {[%emt 0:00:30]} 7. c3 {[%emt 0:06:00]} a5 {[%emt 0:12:30]} 8. Qc2 {[%emt 0:07:30]} O-O {[%emt 0:01:30]} 9. h3 {[%emt 0:00:30]} Ba7 {[%emt 0:24:30]} 10. Re1 {[%emt 0:02:30]} Nh5 {[%emt 0:14:30]} 11. exd5 {[%emt 0:04:30]} Qxd5 {[%emt 0:02:30]} 12. Nf1 {[%emt 0:00:30]} Nf4 {[%emt 0:02:30]} 13. Bxf4 {[%emt 0:06:30]} exf4 {[%emt 0:00:30]} 14. d4 {[%emt 0:01:30]} Bd7 {[%emt 0:07:30]} 15. Bd3 {[%emt 0:04:30]} g6 {[%emt 0:00:00]} 16. N1d2 {[%emt 0:02:30]} Rae8 {[%emt 0:02:00]} 17. Qb3 {[%emt 0:07:30]} Rxe1+ {[%emt 0:09:18]} 18. Rxe1 {[%emt 0:00:30]} Qxb3 {[%emt 0:02:20]} 19. axb3 {[%emt 0:00:30]} Re8 {[%emt 0:01:48]} 20. Ra1 {[%emt 0:04:30]} b6 {[%emt 0:01:36]} 21. Bb5 {[%emt 0:08:30]} Bb8 {[%emt 0:02:24]} 22. c4 {[%emt 0:01:30]} Rd8 {[%emt 0:03:21]} 23. Re1 {[%emt 0:04:30]} Kf8 {[%emt 0:02:36]} 24. Ne4 {[%emt 0:01:30]} Kg7 {[%emt 0:00:25]} 25. Nc3 {[%emt 0:04:30]} Kf8 {[%emt 0:00:30]} 26. Nd5 {[%emt 0:00:30]} Nb4 {[%emt 0:00:59]} 27. Bxd7 {[%emt 0:01:30]} Nxd5 {[%emt 0:00:19]} 28. Bb5 {[%emt 0:00:30]} Nb4 {[%emt 0:00:40]} 29. d5 {[%emt 0:00:30]} c6 {[%emt 0:00:34]} 30. Bxc6 {[%emt 0:01:30]} Nxc6 {[%emt 0:00:30]} 31. dxc6 {[%emt 0:00:00]} Bc7 {[%emt 0:00:29]} 32. Re4 {[%emt 0:00:00]} f6 {[%emt 0:00:28]} 33. Nd4 {[%emt 0:00:30]} Kf7 {[%emt 0:00:17]} 34. Nb5 {[%emt 0:02:30]} f5 {[%emt 0:00:48]} 35. Re1 {[%emt 0:02:30]} Rc8 {[%emt 0:00:27]} 36. Rd1 {[%emt 0:00:00]} Ke6 {[%emt 0:00:31]} 37. Rd7 {[%emt 0:02:00]} Be5 {[%emt 0:00:51]} 38. Na7 {[%emt 0:00:30]} Rh8 {[%emt 0:00:16]} 39. Rb7 {[%emt 0:00:00]} 1-0